[Event "Kiel op"]
[Site "Kiel"]
[Date "2025.07.05"]
[Round "8"]
[White "Swara, Lakshmi S Nair"]
[Black "Sieciechowicz, Marcin"]
[Result "0-1"]
[WhiteElo "2187"]
[BlackElo "2413"]
[PlyCount "114"]
[EventDate "2025.06.30"]
[EventType "swiss"]
[EventRounds "9"]
[EventCountry "GER"]
[SourceTitle "CB28_2025"]
[SourceDate "2025.07.09"]
[SourceVersion "1"]
[SourceVersionDate "2025.07.09"]
[SourceQuality "1"]

1. e4 e5 2. Nf3 Nc6 3. Bb5 Nf6 4. d3 Bc5 5. Bxc6 dxc6 6. 0-0 Bd6 7. Bg5 h6 8. Bh4 g5 9. Bg3 Bg4 10. h3 Bh5 11. Nbd2 Nd7 12. c3 Qf6 13. d4 0-0-0 14. Re1 Kb8 15. a4 Rhe8 16. Qc2 Qg7 17. a5 a6 18. Qb3 f6 19. c4 Bf7 20. d5 c5 21. Re3 h5 22. h4 g4 23. Ne1 Bg6 24. Nd3 Bf8 25. Qc3 Qe7 26. Rb1 Ka8 27. Re2 Qd6 28. Qc2 Bh6 29. Rbe1 c6 30. Qc3 Rc8 31. b3 Qc7 32. Nf1 cxd5 33. cxd5 c4 34. Rc2 Bxe4 35. Rxe4 cxd3 36. Qxc7 dxc2 37. Qxd7 c1Q 38. d6 Qc6 39. Qh7 Rh8 40. Qg6 Rcg8 41. Qf5 Qxd6 42. Rc4 Bf4 43. Bxf4 exf4 44. Rxf4 Qe5 45. Qxf6 Qxf6 46. Rxf6 Rf8 47. Rxf8+ Rxf8 48. Ng3 Rh8 49. f4 gxf3 50. gxf3 Rf8 51. Kg2 Rf4 52. Nxh5 Rxh4 53. Ng7 Rb4 54. Kf2 Kb8 55. Ke2 Kc8 56. Ne8 Kd7 57. Nf6+ Kc6 0-1

[Event "Kiel op"]
[Site "Kiel"]
[Date "2025.07.02"]
[Round "4"]
[White "Sieciechowicz, Marcin"]
[Black "Rohith, S2."]
[Result "1/2-1/2"]
[WhiteElo "2413"]
[BlackElo "2078"]
[PlyCount "142"]
[EventDate "2025.06.30"]
[EventType "swiss"]
[EventRounds "9"]
[EventCountry "GER"]
[SourceTitle "CB28_2025"]
[SourceDate "2025.07.09"]
[SourceVersion "1"]
[SourceVersionDate "2025.07.09"]
[SourceQuality "1"]

1. d4 Nf6 2. c4 e6 3. Nf3 d5 4. g3 Bb4+ 5. Bd2 Be7 6. Bg2 0-0 7. 0-0 Nbd7 8. Qc2 c6 9. Bf4 b6 10. cxd5 cxd5 11. Rc1 Bb7 12. Bc7 Qe8 13. Qb3 Rc8 14. Na3 Ba6 15. Nb5 Bxb5 16. Qxb5 Nc5 17. Qxe8 Rfxe8 18. Bf4 Na4 19. Rab1 Rxc1+ 20. Bxc1 Rc8 21. Bf1 b5 22. e3 a6 23. Bd3 Ne4 24. Kf1 Kf8 25. Ra1 Ke8 26. Ng1 Bb4 27. f3 Bd2 28. Bxd2 Nxd2+ 29. Ke1 Nc4 30. b3 Nab2 31. Bxc4 dxc4 32. Kd2 a5 33. Kc3 Nd3 34. a3 b4+ 35. axb4 axb4+ 36. Kd2 cxb3 37. Kxd3 b2 38. Rb1 Rc1 39. Rxb2 Rxg1 40. Ke4 Ke7 41. Kf4 Kf6 42. h4 h6 43. h5 Rh1 44. g4 g6 45. hxg6 Kxg6 46. Rxb4 h5 47. g5 Rg1 48. Rb8 Kg7 49. e4 h4 50. Rb2 Kg6 51. Rh2 Rxg5 52. Rxh4 Ra5 53. Rh8 Kf6 54. Re8 Ra4 55. Ke3 Ra3+ 56. Kf4 Ra4 57. e5+ Kg7 58. Rd8 Ra1 59. d5 Ra4+ 60. Kg3 exd5 61. Rxd5 Kg6 62. Rd7 Kf5 63. Rxf7+ Kxe5 64. f4+ Ke6 65. Rf8 Ke7 66. Rb8 Kf6 67. Rb6+ Kf7 68. Kg4 Ra5 69. f5 Ra1 70. Rb7+ Kf6 71. Rb6+ Ke5 1/2-1/2

[Event "Malopolska-ch"]
[Site "Krakow"]
[Date "2025.06.19"]
[Round "2"]
[White "Sieciechowicz, Marcin"]
[Black "Orzechowski, Jacek"]
[Result "1-0"]
[WhiteElo "2413"]
[BlackElo "2036"]
[PlyCount "103"]
[EventDate "2025.06.19"]
[EventType "swiss"]
[EventRounds "7"]
[EventCountry "POL"]
[SourceTitle "CB26_2025"]
[SourceDate "2025.06.25"]
[SourceVersion "1"]
[SourceVersionDate "2025.06.25"]
[SourceQuality "1"]

1. d4 d5 2. c4 c6 3. Nf3 Nf6 4. Nc3 g6 5. e3 Bg7 6. Be2 0-0 7. 0-0 dxc4 8. Bxc4 Bg4 9. h3 Bxf3 10. Qxf3 Nbd7 11. Rd1 e5 12. d5 e4 13. Nxe4 Nxe4 14. Qxe4 Nf6 15. Qf3 cxd5 16. Bb3 Qb6 17. Bd2 a5 18. Bc3 a4 19. Bd4 Qe6 20. Bxd5 Qxd5 21. Qxd5 Nxd5 22. Bxg7 Kxg7 23. Rxd5 a3 24. Rb1 Rfc8 25. bxa3 Rxa3 26. Rd2 Rca8 27. Rbb2 b5 28. Kf1 b4 29. Ke2 Rb8 30. Rd3 Ra4 31. Kd1 Rba8 32. Rdd2 Ra3 33. Kc1 Rb8 34. Rb3 Ra4 35. Kb1 Rc8 36. Rd4 Rca8 37. Rb2 Rb8 38. e4 h5 39. e5 Rb7 40. f4 Rb6 41. g4 hxg4 42. hxg4 Kf8 43. Rb3 Ke7 44. Rbd3 Ra7 45. Rd6 Rb5 46. f5 gxf5 47. gxf5 Kf8 48. f6 Kg8 49. Rd8+ Kh7 50. Rg3 Rxe5 51. Rg7+ Kh6 52. Rh8# 1-0

[Event "Titled Tuesday intern op 03rd Jan Late"]
[Site "Chess.com INT"]
[Date "2025.06.03"]
[Round "6"]
[White "Ghafourian, Amir Ali"]
[Black "Sieciechowicz, Marcin"]
[Result "1-0"]
[WhiteElo "2111"]
[BlackElo "2410"]
[PlyCount "55"]
[EventDate "2025.06.03"]
[EventType "swiss (blitz)"]
[EventRounds "11"]
[EventCountry "USA"]
[SourceTitle "CB24_2025"]
[SourceDate "2025.06.11"]
[SourceVersion "1"]
[SourceVersionDate "2025.06.11"]
[SourceQuality "1"]

1. e4 e6 2. d4 d5 3. e5 c5 4. c3 Nc6 5. Nf3 Bd7 6. Be2 Qc7 7. 0-0 Nge7 8. Na3 a6 9. Nc2 Ng6 10. g3 f6 11. h4 fxe5 12. h5 Nge7 13. dxe5 Nxe5 14. Bf4 Nxf3+ 15. Bxf3 Qc6 16. Re1 0-0-0 17. b4 Nf5 18. bxc5 Bxc5 19. Nd4 Qa4 20. Nxe6 Qxd1 21. Raxd1 Bxe6 22. Rxe6 Ne7 23. c4 dxc4 24. Rc1 b5 25. Rxa6 Kd7 26. a4 bxa4 27. Rxc4 Rc8 28. Bg4+ 1-0

[Event "Titled Tuesday intern op 03rd Jan Late"]
[Site "Chess.com INT"]
[Date "2025.06.03"]
[Round "3"]
[White "Sieciechowicz, Marcin"]
[Black "Paravyan, David"]
[Result "1/2-1/2"]
[WhiteElo "2410"]
[BlackElo "2596"]
[PlyCount "50"]
[EventDate "2025.06.03"]
[EventType "swiss (blitz)"]
[EventRounds "11"]
[EventCountry "USA"]
[SourceTitle "CB24_2025"]
[SourceDate "2025.06.11"]
[SourceVersion "1"]
[SourceVersionDate "2025.06.11"]
[SourceQuality "1"]

1. d4 d5 2. c4 e6 3. Nc3 Nf6 4. cxd5 Nxd5 5. e4 Nxc3 6. bxc3 c5 7. Rb1 Be7 8. Nf3 0-0 9. h4 b6 10. h5 h6 11. Rh3 Kh8 12. Bd3 Ba6 13. Rg3 Bxd3 14. Qxd3 Nc6 15. Qe3 cxd4 16. cxd4 Rc8 17. Kf1 e5 18. d5 f5 19. exf5 Qxd5 20. Rxg7 Kxg7 21. Qxh6+ Kg8 22. Qg6+ Kh8 23. Qh6+ Kg8 24. Qg6+ Kh8 25. Qh6+ Kg8 1/2-1/2

[Event "Titled Tuesday intern op 03rd Jan Late"]
[Site "Chess.com INT"]
[Date "2025.06.03"]
[Round "8"]
[White "Yanev, Tihomir"]
[Black "Sieciechowicz, Marcin"]
[Result "1-0"]
[WhiteElo "2354"]
[BlackElo "2410"]
[PlyCount "81"]
[EventDate "2025.06.03"]
[EventType "swiss (blitz)"]
[EventRounds "11"]
[EventCountry "USA"]
[SourceTitle "CB24_2025"]
[SourceDate "2025.06.11"]
[SourceVersion "1"]
[SourceVersionDate "2025.06.11"]
[SourceQuality "1"]

1. e4 e6 2. d4 d5 3. Nd2 c5 4. Ngf3 cxd4 5. exd5 Qxd5 6. Bc4 Qd6 7. 0-0 Nf6 8. Nb3 Nc6 9. Nbxd4 Nxd4 10. Nxd4 Be7 11. c3 0-0 12. Qf3 Qb6 13. Bb3 Bd7 14. Be3 Qc7 15. Rad1 a5 16. Bc2 Bc6 17. Qh3 Qe5 18. Rfe1 Qh5 19. Nxc6 bxc6 20. Qxh5 Nxh5 21. Rd7 Bd8 22. Bc5 Re8 23. Rb7 Nf6 24. Rd1 Nd5 25. c4 Nb4 26. Be4 Rc8 27. a3 Na6 28. Bd6 Bf6 29. b4 axb4 30. axb4 Bc3 31. Bxc6 Rxc6 32. b5 Rcc8 33. bxa6 Red8 34. a7 Ra8 35. c5 f6 36. Kf1 Be5 37. Ke2 Bxd6 38. Rxd6 Rdc8 39. c6 Kf8 40. Rdd7 Ke8 41. Rxg7 1-0

[Event "Titled Tuesday intern op 18th Mar Late"]
[Site "Chess.com INT"]
[Date "2025.03.18"]
[Round "3"]
[White "Sieciechowicz, Marcin"]
[Black "Bok, Benjamin"]
[Result "0-1"]
[WhiteElo "2401"]
[BlackElo "2592"]
[PlyCount "68"]
[EventDate "2025.03.18"]
[EventType "swiss (blitz)"]
[EventRounds "11"]
[EventCountry "USA"]
[SourceTitle "CB13_2025"]
[SourceDate "2025.03.26"]
[SourceVersion "1"]
[SourceVersionDate "2025.03.26"]
[SourceQuality "1"]

1. d4 Nf6 2. c4 e6 3. Nc3 Bb4 4. Qc2 d5 5. cxd5 exd5 6. Bg5 h6 7. Bh4 Nc6 8. e3 g5 9. Bg3 h5 10. Bb5 h4 11. Be5 0-0 12. Bxc6 bxc6 13. h3 Rb8 14. Nge2 Nh5 15. Rc1 f6 16. Bh2 Bd6 17. Bxd6 cxd6 18. 0-0 Rf7 19. e4 dxe4 20. Nxe4 Rb6 21. d5 c5 22. f4 g4 23. f5 gxh3 24. gxh3 Rg7+ 25. Kh1 Qe7 26. N2c3 Qe5 27. Qf2 Ng3+ 28. Nxg3 hxg3 29. Qg2 Rxb2 30. Qxb2 g2+ 31. Qxg2 Rxg2 32. Kxg2 Bxf5 33. Rf3 c4 34. Rg3+ Kf7 0-1

[Event "Titled Tuesday intern op 04th Feb Late"]
[Site "Chess.com INT"]
[Date "2025.02.04"]
[Round "7"]
[White "Zavortink, Matt B"]
[Black "Sieciechowicz, Marcin"]
[Result "1-0"]
[WhiteElo "2135"]
[BlackElo "2401"]
[PlyCount "85"]
[EventDate "2025.02.04"]
[EventType "swiss (blitz)"]
[EventRounds "11"]
[EventCountry "USA"]
[SourceTitle "CB07_2025"]
[SourceDate "2025.02.12"]
[SourceVersion "1"]
[SourceVersionDate "2025.02.12"]
[SourceQuality "1"]

1. c4 c6 2. d4 d5 3. cxd5 cxd5 4. Bf4 Nf6 5. Nc3 Nc6 6. e3 Bf5 7. Nf3 e6 8. Ne5 Nd7 9. Nxc6 bxc6 10. a3 Be7 11. Be2 c5 12. dxc5 Bxc5 13. b4 Be7 14. 0-0 0-0 15. Bd3 Bg6 16. Bxg6 hxg6 17. Qd3 Nb6 18. Rfc1 a5 19. b5 a4 20. e4 Rc8 21. exd5 exd5 22. Be3 Bc5 23. Bd4 Bxd4 24. Qxd4 Rc4 25. Qd3 Qd7 26. Rd1 d4 27. Ne4 Rd8 28. Rab1 Qd5 29. h4 Re8 30. f3 Rec8 31. g3 Qe5 32. Kh2 Qe7 33. Re1 Qe5 34. Nf2 Qc5 35. Ne4 Qd5 36. Rbd1 Rc2+ 37. Rd2 Rxd2+ 38. Nxd2 Rc3 39. Qe4 Qxe4 40. Rxe4 Rc2 41. Rxd4 Nc4 42. Rxc4 Rxd2+ 43. Kh3 1-0

[Event "Titled Tuesday intern op 28th Jan Early"]
[Site "Chess.com INT"]
[Date "2025.01.28"]
[Round "4"]
[White "Cuellar Montes, Alejandro"]
[Black "Sieciechowicz, Marcin"]
[Result "0-1"]
[WhiteElo "2212"]
[BlackElo "2401"]
[PlyCount "68"]
[EventDate "2025.01.28"]
[EventType "swiss (blitz)"]
[EventRounds "11"]
[EventCountry "USA"]
[SourceTitle "CB06_2025"]
[SourceDate "2025.02.05"]
[SourceVersion "1"]
[SourceVersionDate "2025.02.05"]
[SourceQuality "1"]

1. e4 e6 2. d4 d5 3. Bd3 dxe4 4. Bxe4 Nf6 5. Bf3 c5 6. Ne2 Nc6 7. Be3 cxd4 8. Nxd4 Ne5 9. Nc3 Bd7 10. 0-0 Bb4 11. Ndb5 Nxf3+ 12. Qxf3 Bc6 13. Qf4 Bxc3 14. Nxc3 Nd5 15. Nxd5 Qxd5 16. Qg3 0-0 17. Rfd1 Qe4 18. c3 a6 19. Bd4 Qg6 20. Qxg6 hxg6 21. Bc5 Rfd8 22. Bb6 Re8 23. f3 e5 24. Kf2 f6 25. Ke3 Kf7 26. Rd6 g5 27. Rad1 e4 28. f4 gxf4+ 29. Kxf4 e3 30. Re1 Re4+ 31. Kg3 Rae8 32. Rd4 f5 33. Rxe4 Rxe4 34. Bd4 Rg4+ 0-1

[Event "Titled Tuesday intern op 21st Jan Late"]
[Site "Chess.com INT"]
[Date "2025.01.21"]
[Round "10"]
[White "Korneev, Svyatoslav"]
[Black "Sieciechowicz, Marcin"]
[Result "1/2-1/2"]
[WhiteElo "2187"]
[BlackElo "2401"]
[PlyCount "172"]
[EventDate "2025.01.21"]
[EventType "swiss (blitz)"]
[EventRounds "11"]
[EventCountry "USA"]
[SourceTitle "CB05_2025"]
[SourceDate "2025.01.29"]
[SourceVersion "1"]
[SourceVersionDate "2025.01.29"]
[SourceQuality "1"]

1. c4 c6 2. Nf3 Nf6 3. g3 d5 4. Qc2 Nbd7 5. Bg2 e5 6. d3 Bd6 7. 0-0 0-0 8. Nbd2 Qe7 9. e4 dxe4 10. Nxe4 Nxe4 11. dxe4 a5 12. Be3 Nc5 13. Bxc5 Bxc5 14. Rad1 f6 15. h3 Be6 16. Kh2 Rfd8 17. b3 Rxd1 18. Rxd1 Rd8 19. Rxd8+ Qxd8 20. Kg1 Qd7 21. g4 h5 22. gxh5 Bxh3 23. Nh2 Kh7 24. Qe2 Be6 25. Bf3 Qd4 26. Bg4 Bxg4 27. Nxg4 a4 28. bxa4 Qc3 29. Kg2 Qc1 30. Qf3 Qxc4 31. Qf5+ Kg8 32. h6 Qf7 33. h7+ Kh8 34. Nxe5 Qe8 35. Nd3 Bd6 36. Kf3 Be5 37. Nxe5 fxe5 38. Ke3 g6 39. Qh3 Qf7 40. Ke2 Qxa2+ 41. Kf1 Qf7 42. Qc8+ Kxh7 43. Qb8 Qe7 44. Qc8 Kg7 45. Qh3 Qf7 46. Qd3 Qf6 47. f3 Qf7 48. Ke2 Qe7 49. Kf1 Kf6 50. Ke2 Ke6 51. Qc4+ Kf6 52. Qc2 Qd6 53. Kf1 Qd4 54. Qb3 Kg5 55. Kg2 Kf4 56. Qc2 Ke3 57. Qf2+ Kd3 58. Qf1+ Kc3 59. Qa1+ Kb4 60. Qa2 Ka5 61. Qf7 Kxa4 62. Qxb7 c5 63. Qc6+ Kb3 64. Qb6+ Kc2 65. Qxg6 c4 66. f4 exf4 67. e5+ Qd3 68. Qxd3+ cxd3 69. e6 d2 70. e7 d1Q 71. e8Q Qg4+ 72. Kf2 Qg3+ 73. Kf1 f3 74. Qc6+ Kd3 75. Qd5+ Ke3 76. Qc5+ Kf4 77. Qd4+ Kg5 78. Qg7+ Kh4 79. Qxg3+ Kxg3 80. Kg1 Kg4 81. Kf2 Kf4 82. Kf1 Ke4 83. Kf2 Kf4 84. Kf1 Ke3 85. Ke1 f2+ 86. Kf1 Kf3 1/2-1/2

[Event "Titled Tuesday intern op 21st Jan Late"]
[Site "Chess.com INT"]
[Date "2025.01.21"]
[Round "5"]
[White "Sieciechowicz, Marcin"]
[Black "Sriniaiyer, Sudarshan"]
[Result "1-0"]
[WhiteElo "2401"]
[BlackElo "2182"]
[PlyCount "75"]
[EventDate "2025.01.21"]
[EventType "swiss (blitz)"]
[EventRounds "11"]
[EventCountry "USA"]
[SourceTitle "CB05_2025"]
[SourceDate "2025.01.29"]
[SourceVersion "1"]
[SourceVersionDate "2025.01.29"]
[SourceQuality "1"]

1. d4 d5 2. c4 e6 3. Nc3 Nf6 4. cxd5 exd5 5. Bg5 c6 6. e3 h6 7. Bh4 Be7 8. Bd3 0-0 9. Qc2 a5 10. Nf3 Ne8 11. Bxe7 Qxe7 12. Nxd5 cxd5 13. Qxc8 Nc6 14. Qxa8 Nd6 15. Qxf8+ Kxf8 16. 0-0 Nb4 17. Rfd1 Qc7 18. Rac1 Qb6 19. Bb1 Nc4 20. Ne5 Nxe5 21. dxe5 Qe6 22. a3 Nc6 23. Ba2 Qxe5 24. Bxd5 Qxb2 25. Bxc6 bxc6 26. Rxc6 Qxa3 27. Rc7 g5 28. g3 Qb3 29. Ra1 Qb2 30. Rcc1 a4 31. Rcb1 Qc2 32. Rb8+ Kg7 33. Ra8 h5 34. R8xa4 g4 35. Rf4 Qc6 36. Ra7 Qc1+ 37. Kg2 Qc6+ 38. e4 1-0

[Event "Titled Tuesday intern op 14th Jan Early"]
[Site "Chess.com INT"]
[Date "2025.01.14"]
[Round "3"]
[White "Goldin, Roman"]
[Black "Sieciechowicz, Marcin"]
[Result "1-0"]
[WhiteElo "2288"]
[BlackElo "2401"]
[PlyCount "32"]
[EventDate "2025.01.14"]
[EventType "swiss (blitz)"]
[EventRounds "11"]
[EventCountry "USA"]
[SourceTitle "CB04_2025"]
[SourceDate "2025.01.22"]
[SourceVersion "1"]
[SourceVersionDate "2025.01.22"]
[SourceQuality "1"]

1. Nf3 Nf6 2. g3 d5 3. Bg2 Bf5 4. d3 e6 5. 0-0 h6 6. c4 Be7 7. Nc3 c6 8. cxd5 exd5 9. Nd4 Bh7 10. e4 dxe4 11. dxe4 0-0 12. e5 Nd5 13. Nxd5 cxd5 14. Be3 Nc6 15. Nxc6 bxc6 16. Rc1 a5 1-0

[Event "Titled Tuesday intern op 07th Jan Early"]
[Site "Chess.com INT"]
[Date "2025.01.07"]
[Round "5"]
[White "Le, Tuan Minh"]
[Black "Sieciechowicz, Marcin"]
[Result "1-0"]
[WhiteElo "2598"]
[BlackElo "2401"]
[PlyCount "65"]
[EventDate "2025.01.07"]
[EventType "swiss (blitz)"]
[EventRounds "11"]
[EventCountry "USA"]
[SourceTitle "CB03_2025"]
[SourceDate "2025.01.15"]
[SourceVersion "1"]
[SourceVersionDate "2025.01.15"]
[SourceQuality "1"]

1. d4 d5 2. Nf3 Nf6 3. Bf4 e6 4. e3 Bd6 5. Nbd2 Bxf4 6. exf4 b6 7. c3 0-0 8. Bd3 c5 9. Qe2 a5 10. 0-0 Ba6 11. Bxa6 Nxa6 12. Rfe1 Nb8 13. Rad1 Nc6 14. Nf1 Qc7 15. g3 Ne4 16. c4 Nxd4 17. Nxd4 cxd4 18. Rxd4 Nf6 19. Ne3 dxc4 20. Nxc4 Rfd8 21. Red1 Rxd4 22. Rxd4 Rd8 23. Qe5 Qb8 24. Qxb8 Rxb8 25. Nxb6 Kf8 26. Nc4 a4 27. Kf1 Nd5 28. f5 Ke7 29. fxe6 fxe6 30. Ne5 Rb6 31. Rxa4 Rxb2 32. Ra7+ Kd6 33. Nc4+ 1-0

[Event "Titled Tuesday intern op 07th Jan Early"]
[Site "Chess.com INT"]
[Date "2025.01.07"]
[Round "3"]
[White "Savitha Shri, B."]
[Black "Sieciechowicz, Marcin"]
[Result "0-1"]
[WhiteElo "2331"]
[BlackElo "2401"]
[PlyCount "70"]
[EventDate "2025.01.07"]
[EventType "swiss (blitz)"]
[EventRounds "11"]
[EventCountry "USA"]
[SourceTitle "CB03_2025"]
[SourceDate "2025.01.15"]
[SourceVersion "1"]
[SourceVersionDate "2025.01.15"]
[SourceQuality "1"]

1. Nf3 Nf6 2. g3 d5 3. b3 Bf5 4. Bb2 e6 5. Bg2 Be7 6. 0-0 0-0 7. d3 h6 8. Nbd2 Nbd7 9. c4 c6 10. Re1 Bh7 11. a3 a5 12. Rc1 Bc5 13. h3 Qb6 14. d4 Be7 15. Ne5 Nxe5 16. dxe5 Ne4 17. Nxe4 dxe4 18. Bd4 Bc5 19. Bxc5 Qxc5 20. Qd6 Qb6 21. c5 Qxb3 22. Rb1 Qxa3 23. Rxb7 Qc3 24. Rd1 a4 25. Qxc6 a3 26. Rbb1 a2 27. Ra1 Rfc8 28. Qb7 Qxc5 29. Bxe4 Bxe4 30. Qxe4 Qc2 31. Qb7 Qxe2 32. Re1 Qc2 33. Rac1 Qxc1 34. Rxc1 Rxc1+ 35. Kg2 a1Q 0-1

[Event "Titled Tuesday intern op 07th Jan Early"]
[Site "Chess.com INT"]
[Date "2025.01.07"]
[Round "4"]
[White "Sieciechowicz, Marcin"]
[Black "Bok, Benjamin"]
[Result "1/2-1/2"]
[WhiteElo "2401"]
[BlackElo "2583"]
[PlyCount "85"]
[EventDate "2025.01.07"]
[EventType "swiss (blitz)"]
[EventRounds "11"]
[EventCountry "USA"]
[SourceTitle "CB03_2025"]
[SourceDate "2025.01.15"]
[SourceVersion "1"]
[SourceVersionDate "2025.01.15"]
[SourceQuality "1"]

1. d4 Nf6 2. c4 e6 3. Nc3 Bb4 4. Qc2 d5 5. cxd5 exd5 6. Bg5 h6 7. Bh4 Nc6 8. e3 g5 9. Bg3 h5 10. Bb5 h4 11. Be5 0-0 12. Bxc6 bxc6 13. h3 Rb8 14. Nge2 Nh5 15. 0-0 f6 16. Bh2 Bd6 17. Bxd6 cxd6 18. e4 dxe4 19. Nxe4 Rb6 20. Rfe1 g4 21. hxg4 Bxg4 22. Nxd6 Qxd6 23. Qg6+ Ng7 24. Qxg4 Rxb2 25. Qxh4 Re8 26. Ng3 Rxe1+ 27. Rxe1 Qb4 28. Re3 Rxa2 29. Qg4 Qb1+ 30. Kh2 Qh7+ 31. Kg1 Ra1+ 32. Nf1 Qb1 33. Qe2 a5 34. Qc4+ Kf8 35. Qc5+ Kg8 36. Qc4+ Kf8 37. Qc5+ Kf7 38. Qc4+ Kg6 39. Rg3+ Kh7 40. Rh3+ Kg6 41. Rg3+ Kh7 42. Rh3+ Kg6 43. Rg3+ 1/2-1/2

[Event "EU-ch 24th"]
[Site "Petrovac"]
[Date "2024.11.18"]
[Round "10"]
[White "Gal, Andrej"]
[Black "Sieciechowicz, Marcin"]
[Result "1/2-1/2"]
[WhiteElo "2255"]
[BlackElo "2416"]
[PlyCount "66"]
[EventDate "2024.11.08"]
[EventType "swiss"]
[EventRounds "11"]
[EventCountry "MNE"]
[SourceTitle "CB47_2024"]
[SourceDate "2024.11.20"]
[SourceVersion "1"]
[SourceVersionDate "2024.11.20"]
[SourceQuality "1"]

1. d4 Nf6 2. c4 g6 3. Nf3 Bg7 4. g3 0-0 5. Bg2 c6 6. 0-0 d5 7. cxd5 cxd5 8. Ne5 Ne4 9. Nc3 Bf5 10. Bf4 Nxc3 11. bxc3 Nc6 12. Qb3 Nxe5 13. dxe5 e6 14. c4 g5 15. Be3 d4 16. Rad1 Bxe5 17. Qb5 Bf6 18. Bxd4 Bxd4 19. e3 Qb6 20. Rxd4 Qxb5 21. cxb5 e5 22. Rd5 Rfe8 23. Rc5 Re7 24. Rd1 Rae8 25. a4 b6 26. Rc6 Kg7 27. h4 gxh4 28. gxh4 Be6 29. Ra1 Rd8 30. a5 bxa5 31. Rxa5 Rd1+ 32. Kh2 Red7 33. Rc2 Bd5 1/2-1/2

[Event "EU-ch 24th"]
[Site "Petrovac"]
[Date "2024.11.16"]
[Round "8"]
[White "Rychagov, Nikita1"]
[Black "Sieciechowicz, Marcin"]
[Result "1-0"]
[WhiteElo "2217"]
[BlackElo "2416"]
[PlyCount "93"]
[EventDate "2024.11.08"]
[EventType "swiss"]
[EventRounds "11"]
[EventCountry "MNE"]
[SourceTitle "CB47_2024"]
[SourceDate "2024.11.20"]
[SourceVersion "1"]
[SourceVersionDate "2024.11.20"]
[SourceQuality "1"]

1. e4 e6 2. d4 d5 3. e5 c5 4. c3 Nc6 5. Nf3 Bd7 6. Be2 Nge7 7. 0-0 Nf5 8. dxc5 Bxc5 9. Bd3 0-0 10. Bf4 h6 11. h3 f6 12. Nbd2 fxe5 13. Nxe5 Bd6 14. Re1 Nxe5 15. Bxe5 Bxe5 16. Rxe5 Qf6 17. Qe2 Ne7 18. Nf3 Nc6 19. Re3 a6 20. Re1 Rae8 21. Bc2 Re7 22. Qd3 g5 23. Qd2 Qg7 24. Nh2 Rf4 25. g3 Rf8 26. Ng4 Kh8 27. Ba4 b5 28. Bc2 Na5 29. b3 Nc6 30. b4 Bc8 31. a3 Rd8 32. Ne5 Nxe5 33. Rxe5 Rf7 34. Qd4 Rdf8 35. R1e2 Rf3 36. a4 bxa4 37. Bxa4 R3f5 38. Bc2 Rxe5 39. Rxe5 Kg8 40. Bd3 Rf3 41. Be2 Rf8 42. Bg4 Qf6 43. Qe3 Kf7 44. c4 dxc4 45. Rc5 Kg7 46. Rc7+ Kh8 47. Qc5 1-0

[Event "EU-ch 24th"]
[Site "Petrovac"]
[Date "2024.11.10"]
[Round "3"]
[White "Sieciechowicz, Marcin"]
[Black "Djurovic, Peko"]
[Result "1/2-1/2"]
[WhiteElo "2416"]
[BlackElo "2198"]
[PlyCount "232"]
[EventDate "2024.11.08"]
[EventType "swiss"]
[EventRounds "11"]
[EventCountry "MNE"]
[SourceTitle "CB47_2024"]
[SourceDate "2024.11.20"]
[SourceVersion "1"]
[SourceVersionDate "2024.11.20"]
[SourceQuality "1"]

1. d4 d5 2. c4 e6 3. Nc3 Nf6 4. cxd5 exd5 5. Bg5 c6 6. e3 h6 7. Bh4 Be7 8. Bd3 0-0 9. Nf3 Nbd7 10. 0-0 Ne4 11. Bxe7 Qxe7 12. Qc2 Re8 13. Rae1 a5 14. Nd2 Ndf6 15. f3 Nxd2 16. Qxd2 Be6 17. Bb1 c5 18. dxc5 Qxc5 19. Ne2 Rac8 20. Nd4 Qb6 21. Rc1 Bd7 22. Rxc8 Rxc8 23. Rc1 Rxc1+ 24. Qxc1 g6 25. Qc3 Ne8 26. Bd3 h5 27. Bc2 Nd6 28. Kf2 Nb5 29. Nxb5 Qxb5 30. Bb3 Be6 31. Qd4 Qc6 32. Qc3 Qb6 33. h3 Kh7 34. Bc2 Qd8 35. Qd4 Qc7 36. Bd3 Qc1 37. Be2 Qc2 38. a3 Kg8 39. Qb6 Kh7 40. Qxb7 d4 41. Qb5 Qd2 42. exd4 Qxd4+ 43. Kf1 a4 44. Qb4 Qd7 45. Qc3 Bb3 46. Bd3 Qd5 47. Bc2 Qb5+ 48. Kg1 Qb6+ 49. Kh1 Bxc2 50. Qxc2 Qb5 51. Qc3 Qd7 52. Qb4 Qd1+ 53. Kh2 Qc2 54. Qc3 Qd1 55. Qe5 Qc2 56. Qd4 Kg8 57. h4 Qc7+ 58. Kh3 Qc2 59. Kg3 Qc7+ 60. Qf4 Qc2 61. Qe5 Qd1 62. Qb8+ Kh7 63. Qb4 Qc2 64. Qc3 Qe2 65. Kh2 Qd1 66. Qe5 Kg8 67. Qe4 Qd6+ 68. f4 Qd7 69. Qe5 Qd8 70. Qg5 Qd4 71. Qe5 Qd8 72. Qe1 Qf6 73. Qf2 Kh7 74. Kg1 Qd6 75. f5 Qd1+ 76. Kh2 Qd6+ 77. g3 Qd1 78. fxg6+ fxg6 79. Qa7+ Kh6 80. Qe3+ Kh7 81. Qf2 Kh6 82. Kg2 Kh7 83. Qa7+ Kh6 84. Qe3+ Kh7 85. Qe7+ Kg8 86. Qe6+ Kh7 87. Qf7+ Kh6 88. Qf3 Qd2+ 89. Kh3 Qd7+ 90. Kh2 Qd2+ 91. Qg2 Qd1 92. Qf2 Kh7 93. Qf7+ Kh6 94. Qf8+ Kh7 95. Qf2 Kh6 96. Kg2 Kg7 97. Qa7+ Kg8 98. Qb8+ Kh7 99. Kf2 Qd2+ 100. Kf3 Qd3+ 101. Kf4 Qd4+ 102. Kg5 Qg7 103. Qe8 Qh6+ 104. Kf6 Qg7+ 105. Kg5 Qh6+ 106. Kf6 Qg7+ 107. Ke6 Qxb2 108. Qe7+ Kh6 109. Qg5+ Kh7 110. Qe7+ Kh6 111. Qf8+ Kh7 112. Qf7+ Kh6 113. Qf4+ Kh7 114. Qf7+ Kh6 115. Qf8+ Kh7 116. Qe7+ Kh6 1/2-1/2

[Event "POL-ch Rapid"]
[Site "Lublin"]
[Date "2024.10.05"]
[Round "5"]
[White "Sieciechowicz, Marcin"]
[Black "Cyborowski, Lukasz"]
[Result "1/2-1/2"]
[WhiteElo "2416"]
[BlackElo "2454"]
[PlyCount "51"]
[EventDate "2024.10.05"]
[EventType "swiss (rapid)"]
[EventRounds "9"]
[EventCountry "POL"]
[SourceTitle "CB45_2024"]
[Source "ChessBase"]
[SourceDate "2024.11.06"]
[SourceVersion "1"]
[SourceVersionDate "2024.11.06"]
[SourceQuality "1"]

1. d4 d5 2. Bf4 Nf6 3. e3 e6 4. Nf3 Bd6 5. Bg3 b6 6. Bd3 c5 7. c3 0-0 8. Nbd2 Ba6 9. Bxa6 Nxa6 10. Qe2 Nb8 11. 0-0 Nc6 12. Rfd1 Bxg3 13. hxg3 Qe7 14. Rac1 Rac8 15. dxc5 Qxc5 16. e4 dxe4 17. Nxe4 Nxe4 18. Qxe4 Rfd8 19. Qe2 h6 20. Rxd8+ Rxd8 21. Rd1 Rxd1+ 22. Qxd1 Qc4 23. Qd7 g5 24. Qc8+ Kg7 25. Nd4 Qd3 26. Qxc6 1/2-1/2